00271nam a22000977a 4500008004100000082001800041100002300059245003600082260004600118300000900164230605b xxu||||| |||| 00| 0 eng d a328.6762bGIC cH.B ndoria Gicheru aParliamentary Practice in Kenya aNairobibTransafrica publishers ltdc1976 a228p